Classes sociales et union du peuple de France

Zapisane w:
Opis bibliograficzny
1. autor: Quin, Claude
Format: Książka
Język:Undetermined
Wydane: Paris Éditions sociales 1976
Hasła przedmiotowe:
Etykiety: Dodaj etykietę
Nie ma etykietki, Dołącz pierwszą etykiete!
Thư viện lưu trữ: Trung tâm Học liệu Trường Đại học Cần Thơ
LEADER 00508nam a2200193Ia 4500
001 CTU_82889
008 210402s9999 xx 000 0 und d
082 |a 305.5 
082 |b Q7 
100 |a Quin, Claude 
245 0 |a Classes sociales et union du peuple de France 
245 0 |c Claude Quin 
260 |a Paris 
260 |b Éditions sociales 
260 |c 1976 
650 |a Social classes 
650 |z France 
904 |i QHieu(sửa) 
980 |a Trung tâm Học liệu Trường Đại học Cần Thơ